000 00404nam a22001457a 4500
003 OSt
005 20140310182025.0
008 130803t xxu||||| |||| 00| 0 eng d
050 _aPZ 7
_b.K23 1986
082 _aKF
_bK25nd #16
245 _aNancy Drew : the clue of the taping heels /
_cCarolyn Keene.
260 _aNew York :
_bGrosset & Dunlap,
_c1986.
300 _a176 p.
942 _2lcc
_cBK-KF
_kKF
999 _c8450
_d8450